000 00473nam a2200217Ia 4500
003 OSt
005 20220428144612.0
008 210210b1975 xxu||||| |||| 00| 0 eng d
020 _a09 113721 7
040 _aAL
_c
041 _aEnglish
082 _a589.2 INGB
100 _aINGOLD (C T).
_932721
245 _aBiology of fungi
250 _a3
260 _aLondon
_bELBS
_c1975
300 _a176
690 _aBotany
_932722
906 _a035360
942 _2ddc
_cBK
999 _c85733
_d85733